00490 2200181 4500001002100000005001500021035002000036245006100056100002000117250001000137300003800147260003600185082001100221084001700232020001900249504002000268990002000288INLIS00000000000537620260224074541 a0010-02260000561 aMurid Hebat Antiperundungan(Bullying) /cPrito Windiarto0 aWindiarto Prito aCet.1 a132 hlm, :bilus ;c17,6 x 25 cm. aBandung; :bYrama Widya,c2025. a370.15 a370.15 WIN m a978623507281-4 aTentang Penulis a16320/P/BL/2026